Paroles Il était une fois nous deux - Joe Dassin - Statistiques

Statistiques générales
  • Ce quiz a été pris 431 fois
  • Le résultat moyen est 175 sur 227
Statistiques - réponses
Réponse % Correct
il
97%
un
97%
était
96%
fois
96%
une
96%
à
95%
a
95%
deux
95%
le
95%
nous
95%
on
93%
des
91%
amour
87%
c'était
86%
jour
86%
amoureux
83%
grand
83%
avait
82%
jeudi
82%
pas
82%
que
82%
ça
81%
chemin
81%
Souviens-toi
79%
souviens-toi
79%
tu
76%
suivi
75%
encore
73%
vers
72%
la
71%
mieux
71%
qui
71%
matin
64%
soir
63%
au
62%
n'a
62%
part
62%
chambres
60%
du
60%
peu
60%
pris
60%
sur
60%
vu
60%
ans
56%
dix-huit
56%
peine
56%
pleurais
56%
s'en
56%
t'es
56%
qu'on
55%
ta
55%
s'aime
54%
allait
53%
dans
53%
dit
53%
réservé
53%
aimé
51%
l'enfance
51%
montrer
51%
s'est
51%
son
51%
est
50%
banal
49%
génés
47%
route
46%
bonsoir
45%
clé
45%
hasard
45%
quand
45%
cachée
43%
journal
43%
noir
42%
n'ose
42%
plus
42%
tend
42%
glissé
40%
puis
40%
robe
40%
chacun
39%
quatorze
39%
port
38%
veilleur
38%
venu
38%
cafés
37%
garçon
37%
s'endort
37%
apporter
36%
môtel
35%
d'un
32%
entendu
32%
sourire
31%
tard
29%
clients
26%
Aucun quiz correspondant
Distribution des résultats
% des personnes avec chaque résultat
Percentile par nombre de réponses
Votre historique - résultats
Vous n’avez pas pris ce quiz